The kingis quair /

Bibliographic Details
Main Author: James I, King of Scotland, 1394-1437
Other Authors: Mackenzie, W. M. (William Mackay), 1871-1952
Format: Book
Language:English
Published: London : Faber and Faber limited, [1939]

MARC

Tag First Indicator Second Indicator Subfields
LEADER 00000cam a2200000 4500
001 in00000026448
005 20151007062527.0
008 770127r1939 enk 00000 eng
010 |a  40030499  
035 |a (OCoLC)02705744 
035 |9 AAD5127AM 
040 |a DLC  |c TOL  |d OCL  |d TXA  |d UtOrBLW 
049 |a TXAM  |c [181845] 
050 0 0 |a PR2002  |b .K5 1939 
082 0 |a 821.29 
092 |a 821  |b J27k 
100 0 |a James  |b I,  |c King of Scotland,  |d 1394-1437. 
245 1 4 |a The kingis quair /  |c edited from the manuscript with introduction, notes, and glossary by W. Mackay Mackenzie ... 
264 1 |a London :  |b Faber and Faber limited,  |c [1939] 
300 |a 2 preliminary leaves, 7-163 pages ;  |c 20 cm. 
336 |a text  |b txt  |2 rdacontent 
337 |a unmediated  |b n  |2 rdamedia 
338 |a volume  |b nc  |2 rdacarrier 
500 |a "First published in September MCMXXXIX." 
700 1 |a Mackenzie, W. M.  |q (William Mackay),  |d 1871-1952. 
999 |a MARS 
999 f f |s f3518654-dae5-3c16-bb4a-0e9970a28fa1  |i e65cafad-5f41-3578-8b79-d5cbabd8e0a7  |t 0 
952 f f |p normal  |a Texas A&M University  |b College Station  |c Sterling C. Evans Library  |d Evans: Library Stacks  |t 0  |e PR2002 .K5 1939  |h Library of Congress classification  |i unmediated -- volume  |m A14801281070 
998 f f |a PR2002 .K5 1939  |t 0  |l Evans: Library Stacks